000 00279nam a22001337a 4500
008 170203b xxu||||| |||| 00| 0 eng d
020 _a0132770547
041 _aeng
080 _a61
100 _a3
101 _aSHM
245 _aENDOCRINOLOGY
_cMAC .E HADLEY
942 _2udc
_cBK
999 _c4522
_d4522